000 00247nam a22001097a 4500
082 _aMIZ
100 _aMizutani, Osamu
245 _aThe Spoken Language in Japanese Life
260 _aJapan:
_bJapan Times,
_c1981.
300 _a180p. ;
942 _cBK
999 _c57330
_d57327